Crónica de la Iglesia católica de Lituania : 1973-1975 /

Guardado en:
Detalles Bibliográficos
Otros autores: Iujnevich, Ceferino (tradución) (tradución)
Formato: Libro
Idioma:Español
Publicado: Chicago, EUA : The Society of the Chronicle of Lithuania, 1982, c1982
Etiquetas: Agrega una etiqueta
Sin etiquetas, Sé el primero en etiquetar este registro!

MARC

LEADER 00000nam^a2200000^a^4500
001 000568651
005 20250521000000.0
009 20260526153016.806
037 |a Acervo ITESO - Biblioteca 
041 |a ESP 
091 |a FGM. 03559 
245 0 0 |a Crónica de la Iglesia católica de Lituania :  |b 1973-1975 / 
264 4 |a Chicago, EUA :  |b The Society of the Chronicle of Lithuania,  |c 1982, c1982 
300 |a XVI, 464 p. 
336 |a texto  |b txt  |2 rdacontenido 
337 |a sin mediación  |b n  |2 rdamedio 
338 |a volumen  |b nc  |2 rdasoporte 
649 |a XX 
700 |a Iujnevich, Ceferino  |e (tradución) 
910 |a Fondo Efraín González Morfín 
920 |a Impresos - Libros 
930 |a Fondos Especiales 
905 |a 130 
901 |a 0500393196  |b IT2  |c ESL  |i D90852  |u 20250521 
902 |a https://opac.biblio.iteso.mx/vufind/Record/000568651